All Kardashian-Jenner's Businesses - Statistics

General Stats
  • This quiz has been taken 110 times
  • The average score is 9 of 19
Answer Stats
Owner Bussiness / Company % Correct
Kim Kardashian SKIMS
92%
Kylie Jenner Kylie Cosmetics
89%
Khloe Kardashian Good American
76%
Kendall Jenner Drink 818 Tequila
74%
Kylie Jenner Kylie Baby
71%
Kourtney Kardashian Poosh
69%
Kylie Jenner Kylie Skin
68%
Kim Kardashian KKW Beauty
56%
Kylie Jenner Kylie Swim
51%
Family The Kardashians
51%
Kim Kardashian SKKN BY KIM
42%
Kendall Jenner Moon Oral Care
24%
Family Keeping Up with whe Kardashians
19%
Kris Jenner Safely Cleaning Line
18%
Kendall Jenner KENDALL + KYLIE
15%
Kylie Jenner KENDALL + KYLIE
15%
Kris Jenner Jenner Communications
9%
Kim Kardashian Kim Kardashian: Hollywood (Mobile game)
8%
Kim Kardashian KKW Fragance
6%
No matching quizzes found
Score Distribution
Percent of People with Each Score
Percentile by Number Answered
Your Score History
You have not taken this quiz